000 00608nam a22002297a 4500
003 UA-OsUOA
001 68768
007 ta
008 20100517b un ||||| |||| 00| 0 ukr d
100 _aГерасимов С.
090 _a7.071.1
_bГ37
942 _cBK
040 _aUA-OsUOA
_brus
_cUA-OsUOA
_dUA-OsUOA
245 _aМастера советской живописи
300 _a90 с.
955 _a2
041 _arus
080 _a7.071.1
260 _aЛенинград
_bАврора
_c1975
650 7 _a7.0 Загальні питання мистецтва
_2UDC
999 _c355024
_d355024